00574nam a22001817a 4500999001900000005001700019010001500036020002600051035001400077037001300091082001000104245013600114260003200250270003200282300002100314700003300335942002400368 c196798d19679820230727160432.0 aENG-137626 a9788186778630c400.00 aEN-121158 bDBAD/PUB a280.3 aSaint Symeon bThe New Theologian: The Mystic of Fire and Light And Hymns of Divine LovecEdited by Rev. Fr. George A. MaloneyhENG bI. J. A. Publicationsc2011 aBangalore, IndiabBangalore a464p.c24cm(pbk) aEditor Fr. John M. Zboyovski 2ddccENh280.3kZBO